[Event "23rd EYCC Open U16 2013"]
[Site "Budva MNE"]
[Date "2013.10.06"]
[Round "7.29"]
[White "Ali Marandi,C"]
[Black "Chistiakov,Mihail"]
[Result "1-0"]
[WhiteElo "2403"]
[BlackElo "1927"]

1.e4 c5 2.c3 Nf6 3.e5 Nd5 4.Nf3 Nc6 5.d4 cxd4 6.cxd4 d6 7.Bc4 Nb6 8.Bb5 dxe5
9.Nxe5 Bd7 10.Bxc6 Bxc6 11.Nxc6 bxc6 12.O-O g6 13.Nc3 Bg7 14.Be3 O-O 15.Rc1 Rc8
16.b3 Nd5 17.Nxd5 cxd5 18.Qd2 Qb6 19.h3 e6 20.Rfd1 Qa6 21.a4 Rxc1 22.Rxc1 Rc8
23.Rc3 Bf8 24.Qc2 Rxc3 25.Qxc3 Qb6 26.g3 a5 27.Qc8 Qxb3 28.Bh6 Qa3 29.Kg2 Qb4
30.h4 Qd6 31.Qa8 f5 32.Bxf8 Qxf8 33.Qxa5 f4 34.Qb6 f3+ 35.Kh2 Qf7 36.a5 Qe8
37.a6 g5 38.a7 gxh4 39.Qb8  1-0

[Event "23rd EYCC Girls U18 2013"]
[Site "Budva MNE"]
[Date "2013.10.06"]
[Round "7.7"]
[White "Visanescu,D"]
[Black "Kuchava,A"]
[Result "0-1"]
[WhiteElo "2064"]
[BlackElo "2092"]

1.e4 c5 2.c3 Nf6 3.e5 Nd5 4.d4 cxd4 5.Nf3 e6 6.cxd4 d6 7.Bc4 Nb6 8.Bb3 dxe5
9.Nxe5 Nc6 10.Nxc6 bxc6 11.O-O Be7 12.Nc3 O-O 13.Bc2 a5 14.Re1 Qc7 15.Re3 g6
16.Qf3 Bb7 17.Be4 Qd7 18.Qh3 Qxd4 19.Rd3 Qf6 20.Be3 Nd5 21.Bh6 Rfd8 22.g3 Ba6
23.Rf3 Qe5 24.Bc2 c5 25.Nxd5 exd5 26.Re3 Qxb2 27.Rae1 Bf8 28.Bb1 Qf6 29.Bf4 Bd6
30.Bh6 d4 31.Re4 Bf8 32.Bf4 Rac8 33.g4 Bb7 34.Be5 Qg5 35.R4e2 c4 36.f4 Qh6
37.Qg3 d3 38.Rb2 Bc5+ 39.Rf2 Bc6 40.Rd1 Ba4  0-1

[Event "23rd EYCC Girls U18 2013"]
[Site "Budva MNE"]
[Date "2013.10.07"]
[Round "8.22"]
[White "Hoare,Amy B"]
[Black "Ratsma,Rosa"]
[Result "1-0"]
[WhiteElo "1930"]
[BlackElo "1870"]

1.e4 c5 2.c3 Nf6 3.e5 Nd5 4.d4 cxd4 5.Nf3 Nc6 6.cxd4 d6 7.Bc4 Nb6 8.Bb5 dxe5
9.Nxe5 Bd7 10.Nxd7 Qxd7 11.O-O a6 12.Bxc6 Qxc6 13.Nc3 e6 14.Re1 Rd8 15.Bg5 Be7
16.Bxe7 Kxe7 17.Qg4 h6 18.Rac1 Qd7 19.d5 Nxd5 20.Nxd5+ Qxd5 21.Rc7+ Rd7 22.Rxd7+ Qxd7
23.Rd1 Qc7 24.Qxg7 Rd8 25.Qg4 Rxd1+ 26.Qxd1 Qd6 27.Qb3 b5 28.h3 Qc5 29.g3 a5
30.Kg2 Kd6 31.Kf3 Qd5+ 32.Qxd5+ Kxd5 33.Ke3 Kc4 34.g4 b4 35.f4 a4 36.h4 Kd5
37.h5 f6 38.g5 fxg5 39.fxg5 Ke5 40.gxh6 Kf6 41.Ke4 a3 42.b3 e5 43.h7  1-0

[Event "Pankrac Cup 2013"]
[Site "Prague CZE"]
[Date "2013.10.08"]
[Round "5"]
[White "Polasek,J"]
[Black "Vanek,T"]
[Result "1-0"]
[WhiteElo "2318"]
[BlackElo "2229"]

1.e4 c5 2.c3 Nf6 3.e5 Nd5 4.d4 cxd4 5.Nf3 Nc6 6.Bc4 Nb6 7.Bb3 d6 8.exd6 Qxd6
9.Na3 Be6 10.Nb5 Qd7 11.Bxe6 Qxe6+ 12.Be3 Nd5 13.Nfxd4 Qd7 14.Qb3 Nxe3 15.fxe3 a6
16.O-O e6 17.Nxc6 Qxc6 18.Nd4 Qe4 19.c4 e5 20.Qa4+ b5 21.Nxb5 axb5 22.Qxb5+ Ke7
23.Qc5+ Ke6 24.Qb6+ Bd6 25.Rad1 Rhd8 26.c5 Qxe3+ 27.Kh1 Qxc5 28.Qb3+ Kd7
29.Qb7+ Qc7 30.Rxf7+ Ke8 31.Rxc7 Bxc7 32.Qc6+  1-0

[Event "4th Continental Class 2013"]
[Site "Arlington USA"]
[Date "2013.10.09"]
[Round "1.2"]
[White "Stripunsky,A"]
[Black "Hasan,Me"]
[Result "1-0"]
[WhiteElo "2549"]
[BlackElo "2254"]

1.e4 c5 2.c3 Nf6 3.e5 Nd5 4.Nf3 e6 5.Bc4 Nb6 6.Bb3 d5 7.exd6 Bxd6 8.d4 Nc6
9.dxc5 Bxc5 10.Qe2 Qc7 11.O-O O-O 12.Nbd2 Be7 13.Re1 Nd5 14.Ne4 Nf6 15.Bg5 Nxe4
16.Qxe4 h6 17.Bf4 Qb6 18.Rad1 Re8 19.Ne5 Bf8 20.Rd3 Nxe5 21.Bxe5 f5 22.Qh4 Qc6
23.Rg3 b5 24.Qxh6 Re7 25.Qg6 a5 26.Rh3 Bb7 27.Bd1 Rd7 28.Qh7+ Kf7 29.Bh5+ Ke7
30.Bf3 Qc5 31.Qh4+  1-0

[Event "7th Univ Cent Open 2013"]
[Site "Bogota COL"]
[Date "2013.10.10"]
[Round "2.28"]
[White "Campos Vila,M"]
[Black "Martinez Baquero,Hugo Esteban"]
[Result "1-0"]
[WhiteElo "2201"]
[BlackElo "1948"]

1.e4 c5 2.c3 Nf6 3.e5 Nd5 4.d4 cxd4 5.cxd4 Nc6 6.Nf3 d6 7.Bc4 Nb6 8.Bb3 dxe5
9.Nxe5 Nxe5 10.dxe5 Qxd1+ 11.Kxd1 Bf5 12.Be3 e6 13.Nc3 Bb4 14.Ke2 Bxc3 15.bxc3 Rc8
16.Rhc1 Ke7 17.a4 Rhd8 18.a5 Nd7 19.Bd4 Nc5 20.Ba2 f6 21.f4 h5 22.Ke3 h4
23.Rg1 fxe5 24.fxe5  1-0

[Event "TCh-ISL Div1 2013-14"]
[Site "Reykjavik ISL"]
[Date "2013.10.11"]
[Round "2.1"]
[White "Bjarnason,Vignir"]
[Black "Karlsson,MiJ"]
[Result "0-1"]
[WhiteElo "1911"]
[BlackElo "2056"]

1.e4 c5 2.c3 Nf6 3.e5 Nd5 4.d4 cxd4 5.cxd4 e6 6.Bc4 Nb6 7.Bb5 a6 8.Bd3 Nc6
9.Nf3 Nb4 10.Be4 d5 11.Bd3 Bd7 12.Nc3 Nxd3+ 13.Qxd3 Bb4 14.O-O Rc8 15.Rd1 Qc7
16.a3 Bxc3 17.bxc3 Bb5 18.Qb1 Be2 19.Rd2 Bxf3 20.Rb2  0-1

[Event "TCh-Belgrade Premier liga 2013"]
[Site "Belgrade SRB"]
[Date "2013.10.12"]
[Round "1.6"]
[White "Hrzic,I"]
[Black "Ilincic,Z"]
[Result "1/2-1/2"]
[WhiteElo "2280"]
[BlackElo "2412"]

1.e4 c5 2.c3 Nf6 3.e5 Nd5 4.d4 cxd4 5.Nf3 Nc6 6.cxd4 d6 7.Bc4 Nb6 8.Bb3 dxe5
9.d5 Na5 10.Nc3 Nxb3 11.Qxb3 e6 12.Nxe5 Bd6 13.Qb5+ Kf8 14.dxe6 Bxe6 15.Bf4 a6  1/2-1/2

[Event "TCh-ISL Div1 2013-14"]
[Site "Reykjavik ISL"]
[Date "2013.10.12"]
[Round "3.4"]
[White "Karlsson,B"]
[Black "Einarsson,H"]
[Result "1/2-1/2"]
[WhiteElo "2269"]
[BlackElo "2194"]

1.e4 c5 2.c3 Nf6 3.e5 Nd5 4.d4 cxd4 5.Nf3 Nc6 6.cxd4 d6 7.Bc4 Nb6 8.Bb3 dxe5
9.d5 Nb4 10.Nxe5 N4xd5 11.Be3 e6 12.O-O Bd6 13.Bxb6 Nxb6 14.Qe2 Qc7 15.Qb5+ Nd7
16.Nf3 O-O 17.Nbd2 Ne5 18.Rac1 Bd7 19.Qe2 Nxf3+ 20.Nxf3 Bc6 21.h3 Qa5 22.Nd4 Bd5
23.Qh5 Rad8 24.Bxd5 Bf4 25.Nb3 Qxd5 26.Qxd5 Rxd5 27.Rc2 Rfd8 28.g3 Be5 29.Kg2 g6
30.Re1 Bf6 31.Re4 b6 32.Rec4 Rd1 33.Nc1 R8d2 34.b3 Bd4 35.Ne2 Bc5 36.Kf3 Kg7
37.Kg2 e5 38.a4 Rxc2 39.Rxc2 Rb1 40.Rc3 Rb2 41.Kf1 e4 42.g4 f5 43.a5 f4 44.f3 e3
45.h4 Kf6 46.axb6 Bxb6 47.Rc4 Rxb3 48.Rxf4+ Ke5 49.Re4+ Kd6 50.f4 a5 51.f5 Rb4
52.Re6+ Kd7 53.fxg6 hxg6 54.Rxg6 a4 55.Rg8 Rb1+ 56.Kg2 Re1 57.Kf3 Rf1+ 58.Ke4 Rf2
59.Kd3 a3 60.Ra8 Rg2 61.Rxa3 Rxg4 62.Rb3 Kc7 63.Rc3+ Kd6 64.Rb3 Bc5 65.h5 Rh4
66.Ng3 Rd4+ 67.Ke2 Rd2+ 68.Ke1 Kd5 69.Nf1 Ra2 70.Nxe3+ Bxe3 71.Rxe3 Rh2  1/2-1/2

[Event "TCh-FIN SM 2013-14"]
[Site "Helsinki FIN"]
[Date "2013.10.13"]
[Round "4.8"]
[White "Vihinen,T"]
[Black "Ponnio,Toni"]
[Result "1/2-1/2"]
[WhiteElo "2139"]
[BlackElo "2008"]

1.e4 c5 2.c3 Nf6 3.e5 Nd5 4.d4 cxd4 5.Nf3 e6 6.cxd4 d6 7.Bc4 Nc6 8.O-O Be7
9.Qe2 O-O 10.Qe4 Bd7 11.Re1 Rc8 12.a3 Na5 13.Ba2 Ba4 14.Qg4 Bc2 15.Nbd2 Bf5
16.Qg3 dxe5 17.Nxe5 Nf6 18.Qe3 Nd5 19.Qf3 Nf6 20.Qe3 Nd5 21.Qf3 Nf6  1/2-1/2

[Event "TCh-ISL Div1 2013-14"]
[Site "Reykjavik ISL"]
[Date "2013.10.13"]
[Round "5.3"]
[White "Karlsson,B"]
[Black "Ulfarsson,M"]
[Result "1-0"]
[WhiteElo "2269"]
[BlackElo "2389"]

1.e4 c5 2.c3 Nf6 3.e5 Nd5 4.d4 cxd4 5.Nf3 Nc6 6.cxd4 d6 7.Bc4 Nb6 8.Bb3 g6
9.Qe2 Bg7 10.O-O O-O 11.h3 Bf5 12.Rd1 Qc7 13.Bf4 Na5 14.Nc3 Nxb3 15.axb3 dxe5
16.dxe5 Be6 17.Nd4 Nd5 18.Nxd5 Bxd5 19.Nb5 Qd7 20.Nc3 e6 21.Qd2 Rfd8 22.Bg5 Re8
23.Bf6 Qc6 24.Bxg7 Kxg7 25.Qg5 h6 26.Qf6+ Kg8 27.Rac1 Qd7 28.Qf4 Kg7 29.Ne4 Rec8
30.Nf6 Qd8 31.Rc3 Rc6 32.Rg3 Rac8 33.Nh5+  1-0

[Event "Chigorin Memorial"]
[Site "St Petersburg RUS"]
[Date "2013.10.13"]
[Round "9.3"]
[White "Zvjaginsev,V"]
[Black "Kokarev,Dm"]
[Result "1/2-1/2"]
[WhiteElo "2659"]
[BlackElo "2611"]

1.e4 c5 2.c3 Nf6 3.e5 Nd5 4.Nf3 Nc6 5.Bc4 e6 6.O-O d6 7.d4 cxd4 8.cxd4 Be7
9.Qc2 O-O 10.Nc3 Nxc3 11.bxc3 Qc7 12.Bd3 g6 13.Re1 dxe5 14.dxe5 Rd8 15.h4 Rd5
16.Bf4 Bd7 17.Be4 Rc5 18.Rad1 Be8 19.Qc1 Qa5 20.Qb1 Rb5 21.Qc2 Rc5 22.Qb1 Rb5
23.Qc2 Rc5 24.Qb1  1/2-1/2

[Event "12th Istanbul Open A 2013"]
[Site "Istanbul TUR"]
[Date "2013.10.15"]
[Round "5.12"]
[White "Erdogdu,Muammer Mustafa"]
[Black "Erdogan,H"]
[Result "0-1"]
[WhiteElo "1692"]
[BlackElo "2240"]

1.e4 c5 2.c3 Nf6 3.e5 Nd5 4.d4 cxd4 5.Nf3 Nc6 6.Bc4 e6 7.Bxd5 exd5 8.Nxd4 d6
9.e6 fxe6 10.O-O Be7 11.Qh5+ g6 12.Qh6 Ne5 13.Re1 Ng4 14.Qd2 e5 15.h3 Nf6
16.Nf3 O-O 17.Na3 Kh8 18.Ng5 Nh5 19.Nxh7 Kxh7 20.Qh6+ Kg8 21.Qxg6+ Ng7 22.Bh6 Rf7
23.Re3 Bf5 24.Qg3 Bh4 25.Qf3 Be4 26.Qg4 Qf6 27.Rxe4 dxe4 28.Bxg7 Qxf2+ 29.Kh1 Rxg7
30.Qxe4 Rf8 31.Rg1 Rf6 32.Nc4 Bg5 33.Qg4 b5 34.Nxe5 dxe5 35.Rd1 Qf1+ 36.Kh2 Bf4+  0-1

[Event "TCh-Belgrade Premier liga 2013"]
[Site "Belgrade SRB"]
[Date "2013.10.17"]
[Round "6.6"]
[White "Podinic,V"]
[Black "Dimitrijevic,R"]
[Result "1-0"]
[WhiteElo "2420"]
[BlackElo "2286"]

1.e4 c5 2.c3 Nf6 3.d3 Nc6 4.f4 d6 5.Nf3 g6 6.g3 Bg7 7.Bg2 O-O 8.O-O Rb8 9.h3 b5
10.g4 b4 11.c4 Nd7 12.Nbd2 a5 13.Rf2 Nb6 14.Nf1 Nd4 15.g5 e6 16.Be3 Nxf3+
17.Qxf3 f6 18.gxf6 Qxf6 19.e5 Qe7 20.Qc6 Rd8 21.Rd1 Bb7 22.exd6 Bxc6 23.dxe7 Rdc8
24.Bxc6 Rxc6 25.d4 Nxc4 26.dxc5 Re8 27.Bd4 Rxe7 28.Bxg7 Kxg7 29.Rc2 Nb6 30.Ne3 Na4
31.Rd6 Rxc5 32.Rxc5 Nxc5 33.b3 a4 34.bxa4 Nxa4 35.Nc2 Rb7 36.Rd4 Nc3 37.Rxb4 Rxb4
38.Nxb4 Ne2+ 39.Kf2 Nxf4 40.a4 e5 41.a5 Ne6 42.a6 Nc7 43.a7 g5 44.Kf3 h5
45.Ke4 Na8 46.Nd3 Kf6 47.Nxe5 g4 48.h4 g3 49.Nf3 g2 50.Ng1 Ke6 51.Kf4 Kf6
52.Ne2 Ke6 53.Kf3 Kd6 54.Kxg2 Kc7 55.Kf3 Kb7 56.Kf4 Nc7 57.Kg5 Ne6+ 58.Kxh5 Kxa7
59.Kg6 Kb7 60.h5 Kc7 61.h6 Kd7 62.Nd4 Nf8+ 63.Kf7 Nh7 64.Nf3  1-0

[Event "SPICE Cup Open 2013"]
[Site "St Louis USA"]
[Date "2013.10.19"]
[Round "8.19"]
[White "Voelker,Ja"]
[Black "Reis,Renan do Carmo"]
[Result "1-0"]
[WhiteElo "2186"]
[BlackElo "2266"]

1.e4 c5 2.c3 Nf6 3.e5 Nd5 4.Nf3 d6 5.d4 cxd4 6.cxd4 Nc6 7.Bc4 Nb6 8.Bb5 dxe5
9.Nxe5 Bd7 10.Nxd7 Qxd7 11.Nc3 Rd8 12.Qf3 a6 13.Bxc6 Qxc6 14.Qxc6+ bxc6 15.Be3 Nc4
16.O-O-O e6 17.b3 Ba3+ 18.Kc2 Nb6 19.Nb1 Be7 20.Rc1 Bf6 21.Rhd1 O-O 22.Nc3 Rc8
23.Ne4 Be7 24.Kb2 Nd5 25.Rc4 Rfd8 26.Rdc1 Nb4 27.Kb1 a5 28.a3 Nd5 29.Ka2 f5
30.Nc5 f4 31.Bd2 Nb6 32.R4c2 Rxd4 33.Nxe6 Rd6 34.Nxf4 a4 35.b4 g5 36.Ne2 Rcd8
37.Be3 Nd5 38.Bc5 Rf6 39.Bxe7 Nxe7 40.Nc3 Nd5 41.Nxa4 Ra8 42.Kb3 Nf4 43.Rxc6 Rff8
44.Nb6 Rad8 45.Rc8 Ne2 46.R1c5 Nd4+ 47.Kc4 Nc2 48.Rxd8 Rxd8 49.Rc8 Nxa3+
50.Kc5 Rxc8+ 51.Nxc8 Kf7 52.b5 Ke8 53.Nd6+ Kd7 54.b6 Nc2 55.Nf7 Ne1 56.Nxg5 h6
57.Nf7 h5 58.Ne5+ Kc8 59.Kc6  1-0

[Event "17th Corsican Circuit Final"]
[Site "Bastia FRA"]
[Date "2013.10.20"]
[Round "1.4"]
[White "Istratescu,A"]
[Black "Greenfeld,A"]
[Result "1-0"]
[WhiteElo "2664"]
[BlackElo "2545"]

1.e4 c5 2.c3 Nf6 3.e5 Nd5 4.d4 cxd4 5.Nf3 d6 6.cxd4 Nc6 7.Bc4 dxe5 8.dxe5 Ndb4
9.Qxd8+ Nxd8 10.Na3 a6 11.O-O e6 12.Bd2 Bd7 13.Rfc1 Rc8 14.Bb3 Bc6 15.Nc4 Nd3
16.Rc3 Nc5 17.Nd4 Ne4 18.Rc2 Bc5 19.Be3 Bd5 20.Rac1 O-O 21.Nb6 Bxb3 22.axb3 Bxd4
23.Rxc8 Bxe3 24.fxe3 Nc6 25.Rc7 Nxe5 26.Nd7 Nxd7 27.Rxd7 b6 28.b4 g6 29.Rc6 Kg7
30.Rxe6 Nf6 31.Rb7 Rd8 32.Ree7 Rd1+ 33.Kf2  1-0

[Event "TCh-CZE Zapad 2013-14"]
[Site "Czech Rep CZE"]
[Date "2013.10.20"]
[Round "1.8"]
[White "Umanec,F"]
[Black "Oresky,J"]
[Result "1-0"]
[WhiteElo "2244"]
[BlackElo "2191"]

1.e4 c5 2.c3 Nf6 3.e5 Nd5 4.Nf3 d6 5.d4 cxd4 6.cxd4 Nc6 7.Be2 e6 8.O-O Be7
9.Re1 O-O 10.exd6 Bxd6 11.Nc3 Nxc3 12.bxc3 Qc7 13.Qd3 e5 14.Ng5 g6 15.Ne4 Bf5
16.Bh6 Rfd8 17.Nf6+ Kh8 18.Qg3 exd4 19.Qh4 Bxh2+ 20.Kh1 Be5 21.f4 Bd6 22.Bf3 Rg8
23.Nxh7 Rg7 24.Qf6 Rg8 25.Bxg7+ Kxh7 26.g4 Rxg7 27.gxf5 Bxf4 28.Qh4+ Bh6
29.f6 Rg8 30.Kg2 Rh8 31.cxd4 Qd7  1-0

[Event "29th ECC Open 2013"]
[Site "Rhodes GRE"]
[Date "2013.10.20"]
[Round "1.6"]
[White "Mammadov,Z"]
[Black "Gallant,A"]
[Result "1-0"]
[WhiteElo "2426"]
[BlackElo "2124"]

1.e4 c5 2.c3 Nf6 3.e5 Nd5 4.Nf3 Nc6 5.d4 cxd4 6.cxd4 d6 7.Bc4 Nb6 8.Bb5 dxe5
9.Nxe5 Bd7 10.Nxd7 Qxd7 11.Nc3 e6 12.O-O Be7 13.Qg4 Bf6 14.Rd1 O-O 15.Bxc6 bxc6
16.Ne4 Be7 17.Bh6 g6 18.Bxf8 Rxf8 19.Qf3 Nd5 20.Rac1 Qb7 21.b3 Qa6 22.Qd3 Qb6
23.Qc4 Rc8 24.Nc5 Qc7 25.g3 Bf6 26.Qa6 Nb4 27.Qa4 Nd5 28.Qa6 Nb4 29.Qe2 Rd8
30.Qc4 Qb6 31.a3 Nd5 32.Ne4 Bg7 33.b4 Ne7 34.Qc5 Qb7 35.Nd6 Qd7 36.Nc4 Qc7
37.Ne3 Qd7 38.Ng4 Qb7 39.Qg5 Kf8 40.Qa5 Rd6 41.Ne5 f6 42.Nd3 Nf5 43.Nc5 Qe7
44.Nb3 h5 45.b5 Rd5 46.Rxc6 e5 47.Rc8+ Kf7 48.Rc7 Rd7 49.Rdc1  1-0

[Event "29th ECC Open 2013"]
[Site "Rhodes GRE"]
[Date "2013.10.21"]
[Round "2.4"]
[White "Zimmermann,L"]
[Black "Oswald,D"]
[Result "0-1"]
[WhiteElo "2102"]
[BlackElo "2073"]

1.e4 c5 2.c3 Nf6 3.e5 Nd5 4.d4 cxd4 5.Nf3 Nc6 6.Bc4 Nb6 7.Bb3 d5 8.exd6 Qxd6
9.O-O Be6 10.Na3 dxc3 11.Bxe6 Qxd1 12.Rxd1 fxe6 13.bxc3 h6 14.Rb1 Kf7 15.c4 g6
16.c5 Nd5 17.Rxb7 Bg7 18.Bb2 Rhb8 19.Rxb8 Rxb8 20.Bxg7 Kxg7 21.Rb1 Rb4 22.Ne1 Kf6
23.Rc1 Ra4 24.Nec2 Ra5 25.Kf1 Rxc5 26.Rb1 Nc3 27.Rb2 e5 28.Ke1 Nd4 29.Kd2 Ne4+
30.Ke3 Nd6 31.Nxd4 Rc3+ 32.Ke2 exd4 33.Nb1 Rc6 34.Nd2 e5 35.f3 Ke6 36.a4 Rc3
37.Nb3 Kd5 38.Nd2 Ra3 39.Rb4 a5 40.Rb8 Rxa4 41.Rg8 Ra2 42.Kd3 a4 43.Rxg6 a3
44.Rg8 Rb2 45.Ra8 a2 46.g4 Nb7 47.Ke2 Nc5 48.Kd1 Rxd2+ 49.Kxd2 Nb3+ 50.Kc2 a1=Q
51.Rxa1 Nxa1+ 52.Kb2 e4  0-1

[Event "29th ECC Open 2013"]
[Site "Rhodes GRE"]
[Date "2013.10.22"]
[Round "3.25"]
[White "Reimold,J"]
[Black "Guy,D"]
[Result "1-0"]
[WhiteElo "2037"]
[BlackElo "1964"]

1.e4 c5 2.c3 Nf6 3.e5 Nd5 4.g3 e6 5.Bg2 Nc6 6.Nf3 Be7 7.O-O O-O 8.Re1 Nb6
9.d3 d6 10.exd6 Qxd6 11.Bf4 Qd8 12.g4 Nd5 13.Bg3 Bd6 14.Qd2 Qc7 15.Na3 Bxg3
16.hxg3 a6 17.Rad1 b5 18.c4 Ndb4 19.cxb5 axb5 20.Nxb5 Qb6 21.Nc3 Rb8 22.Qg5 h6
23.Qh5 Nc2 24.Re2 Qxb2 25.Qxc5 Bb7 26.Na4 Qxa2 27.Qxc2 Qa3 28.Nc5 Nb4 29.Qd2 Bc6
30.g5 hxg5 31.Qxg5 Nd5 32.d4 Rb2 33.Rxb2 Qxb2 34.Qc1 Qb6 35.Ne5 Rc8 36.Qd2 Ne7
37.Qf4 f6 38.Nxc6 Nxc6 39.Qd6 Qc7 40.Qxe6+ Kh7 41.Be4+ g6 42.Qh3+ Kg8 43.Bd5+  1-0

[Event "29th ECC Open 2013"]
[Site "Rhodes GRE"]
[Date "2013.10.22"]
[Round "3.3"]
[White "Tzermiadianos,An"]
[Black "Movsesian,S"]
[Result "1/2-1/2"]
[WhiteElo "2436"]
[BlackElo "2696"]

1.e4 c5 2.c3 Nf6 3.e5 Nd5 4.Nf3 g6 5.Qb3 Nb6 6.a4 d5 7.Bb5+ Nc6 8.a5 c4 9.Qa2 Nd7
10.d4 Ndb8 11.O-O a6 12.Ba4 Bg7 13.b3 O-O 14.bxc4 dxc4 15.Bd1 Be6 16.Be2 Nd7
17.Nbd2 b5 18.axb6 Nxb6 19.Ba3 Nd5 20.Bb2 Nb6 21.Ba3 Nd5 22.Bb2 Nb6  1/2-1/2

[Event "Guernsey Open 2013"]
[Site "Guernsey GCI"]
[Date "2013.10.23"]
[Round "4"]
[White "Schmitz,A1"]
[Black "Adrian,C"]
[Result "1/2-1/2"]
[WhiteElo "2049"]
[BlackElo "2238"]

1.e4 c5 2.c3 Nf6 3.e5 Nd5 4.d4 cxd4 5.cxd4 Nc6 6.Nf3 g6 7.Bc4 Nb6 8.Bb3 Bg7
9.O-O O-O 10.Nc3 d6 11.exd6 Qxd6 12.Nb5 Qd8 13.Bf4 Bg4 14.h3 Bxf3 15.Qxf3 Nxd4
16.Nxd4 Qxd4 17.Be3 Qxb2 18.Rab1 Qf6 19.Qxb7 Rfb8 20.Qe4 Rd8 21.Rfc1 e6 22.Rc5 Rac8
23.Rbc1 Rxc5 24.Rxc5 h6 25.Qb7 Rd7 26.Qb8+ Kh7 27.Rc1 Nd5 28.Bxa7 Qg5 29.Rc4 Be5
30.Qa8 Qd2 31.g3 Bxg3 32.fxg3 Qe1+ 33.Kh2 Qe2+ 34.Kh1 Qf1+ 35.Kh2 Qe2+ 36.Kh1 Qe1+
37.Kh2 Nc7 38.Rxc7 Rxc7 39.Bg1 Rd7 40.Qf3 Kg7 41.Be3 h5 42.Qf2 Qc3 43.Qf4 Rd3
44.Bf2 Rd2 45.Kg2 Kg8 46.h4 Qb2 47.Bc4 Qc2 48.Bb3  1/2-1/2

[Event "17th OIBM 2013"]
[Site "Bad Wiessee GER"]
[Date "2013.10.26"]
[Round "2.43"]
[White "Akstinat,S"]
[Black "Klundt,K"]
[Result "0-1"]
[WhiteElo "2081"]
[BlackElo "2340"]

1.e4 c5 2.c3 Nf6 3.e5 Nd5 4.d4 cxd4 5.Nf3 e6 6.cxd4 b6 7.a3 Be7 8.Bd3 Ba6
9.Bxa6 Nxa6 10.Qd3 Nac7 11.O-O O-O 12.Nc3 Rc8 13.Bd2 Nxc3 14.bxc3 d5 15.exd6 Qxd6
16.c4 Ne8 17.Bb4 Qc7 18.Bxe7 Qxe7 19.h4 Nf6 20.Rfc1 Rfd8 21.Qb3 Qd6 22.a4 Nd7
23.a5 h6 24.axb6 axb6 25.Qb5 Rc6 26.Ra7 Rdc8 27.Rxd7 Qxd7 28.Ne5 Qxd4 29.Nxc6 Qd7
30.Qxb6 Qxc6 31.Qxc6 Rxc6 32.c5 Kf8 33.Kf1 Ke7 34.Ke2 Kd7 35.Kd3 Ra6 36.Rc2 Kc6
37.g3 Kd5 38.Rb2 Ra3+ 39.Ke2 Ra7 40.Rc2 Rc7 41.Kd3 Rxc5 42.Ra2 Ke5 43.Ra7 Kf6
44.Ke2 Kg6 45.Kf3 Rf5+ 46.Kg2 h5 47.Rb7 Ra5 48.Rb2 Kf6 49.Rc2 Rd5 50.Ra2 e5
51.Ra6+ Kf5 52.Ra7 Ke6 53.Ra2 g6 54.Rb2 Kf5 55.Ra2 e4 56.Rb2 f6 57.Ra2 g5
58.hxg5 Kxg5 59.Rb2 h4 60.gxh4+ Kxh4 61.Rb4 f5 62.f3 Rd2+ 63.Kf1 Kg3 64.fxe4 f4
65.Ke1 Ra2 66.Rb8 Ra1+ 67.Kd2 f3 68.Rf8 f2 69.e5 f1=Q 70.Rxf1 Rxf1 71.Ke3 Re1+  0-1

[Event "17th OIBM 2013"]
[Site "Bad Wiessee GER"]
[Date "2013.10.27"]
[Round "3.19"]
[White "Jahnz,F"]
[Black "Meins,G"]
[Result "1/2-1/2"]
[WhiteElo "2226"]
[BlackElo "2448"]

1.e4 c5 2.c3 Nf6 3.e5 Nd5 4.d4 cxd4 5.cxd4 d6 6.Nf3 Nc6 7.Bc4 dxe5 8.dxe5 Ndb4
9.Qxd8+ Nxd8 10.Na3 a6 11.Bd2 e6 12.O-O b5 13.Be2 Bb7 14.Rfc1 Be7 15.Nc2 Nd5
16.Ncd4 Kd7 17.Nb3 Nc6 18.Nc5+ Bxc5 19.Rxc5 h6 20.Rac1 Rhc8 21.a3 Nce7 22.Nd4 Rxc5
23.Rxc5 Ng6 24.Nf3 Ndf4 25.Kf1 Nxe2 26.Kxe2 Rc8 27.Rxc8 Kxc8 28.Ne1 Kd7 29.f4 h5
30.g3 Bd5 31.Nc2 Ne7 32.Ne3 Be4 33.Bb4 Nc6 34.Bc3 a5 35.b4 a4 36.Bb2 Ne7
37.Bd4 Kc6 38.Bc5 Nd5 39.Nd1 Bf5 40.Kd2 f6 41.Bd4 fxe5 42.Bxe5 g6 43.Bd4 Ne7
44.Ne3 Be4 45.Kc3 Nf5 46.Bc5 Nxe3 47.Bxe3 Kd5 48.Bd4 Bg2 49.h4 Ke4 50.Bf6 Bf1
51.Bg5 Bc4 52.Kb2 Kf3 53.Kc3 Kxg3 54.Kb2 Kf3 55.Kc3 Ke4 56.Kb2 Kd3 57.Bh6 Bd5
58.Bg5 Be4 59.Bh6 g5 60.Bxg5 Bf3  1/2-1/2

[Event "17th OIBM 2013"]
[Site "Bad Wiessee GER"]
[Date "2013.10.29"]
[Round "5.42"]
[White "Wacker,P"]
[Black "Stoffel,M"]
[Result "1-0"]
[WhiteElo "2293"]
[BlackElo "2096"]

1.e4 c5 2.c3 Nf6 3.e5 Nd5 4.d4 cxd4 5.Qxd4 e6 6.Nf3 Nc6 7.Qe4 f5 8.Qe2 Be7
9.g3 O-O 10.Bg2 b5 11.Qxb5 Rb8 12.Qe2 Qb6 13.O-O Ba6 14.c4 f4 15.Nbd2 Rf7
16.g4 Bc5 17.Nb3 Be7 18.Qe4 Qb4 19.Nbd2 Ne3 20.fxe3 fxe3 21.Nb3 e2 22.Qxe2 Bxc4
23.Qe3 Bxf1 24.Bd2 Qxg4 25.Rxf1 Rbf8 26.Bc3 Bd8 27.Kh1 Bb6 28.Qe2 Rf4 29.Nbd2 R8f5
30.Qd3 d5 31.exd6 Rd5 32.Qe2 Rh5 33.a3 e5 34.b4 e4 35.Qc4+ Kf8 36.Qxc6 exf3
37.Rxf3 Rxh2+ 38.Kxh2 Qh4+ 39.Bh3 Qg5 40.Qc8+  1-0

[Event "Chinese Zonal w 2013"]
[Site "Zhongshan CHN"]
[Date "2013.10.31"]
[Round "3.8"]
[White "Qin,R"]
[Black "Xiao,Yiyi"]
[Result "0-1"]
[WhiteElo "2045"]
[BlackElo "2187"]

1.e4 c5 2.c3 Nf6 3.e5 Nd5 4.d4 e6 5.Nf3 cxd4 6.cxd4 d6 7.Nc3 Nxc3 8.bxc3 Qc7
9.Bd2 Nd7 10.exd6 Bxd6 11.Bd3 O-O 12.O-O b6 13.Re1 Bb7 14.h3 Bf4 15.Be4 Bxd2
16.Qxd2 Rac8 17.Bxb7 Qxb7 18.Rac1 b5 19.Ne5 Nb6 20.Nd3 Rfd8 21.Qg5 Na4 22.Nf4 h6
23.Qg4 Nxc3 24.Nh5 f5 25.Nf6+ Kf7 26.Qh5+ Kxf6 27.Rxc3 Rxc3 28.Qh4+ Kf7 29.Qxd8 Qc6
30.Re5 Rd3 31.Qa5 a6 32.Rc5 Rd1+ 33.Kh2 Qd6+ 34.g3 Qxd4 35.Qc7+ Kg6  0-1

[Event "Chinese Zonal w 2013"]
[Site "Zhongshan CHN"]
[Date "2013.11.01"]
[Round "4.13"]
[White "Zhao,Shengxin"]
[Black "Xu Huahua"]
[Result "1/2-1/2"]
[WhiteElo "1805"]
[BlackElo "2125"]

1.e4 c5 2.c3 Nf6 3.e5 Nd5 4.d4 cxd4 5.cxd4 Nc6 6.Nf3 d6 7.Bc4 Nb6 8.Bb5 dxe5
9.Nxe5 Bd7 10.Bxc6 Bxc6 11.Nxc6 bxc6 12.Qf3 Qd5 13.Qxd5 cxd5 14.O-O e6 15.Nc3 Be7
16.b3 Bf6 17.Rd1 O-O 18.Bb2 Rfc8 19.g3 g5 20.Rac1 a6 21.g4 Be7 22.Kf1 Bd6
23.h3 Bf4 24.Rc2 f6 25.Bc1 Bd6 26.Ke2 Rc6 27.Kd3 Rac8 28.Be3 Kf7 29.Rdd2 Bb4
30.Nb1 Bxd2 31.Rxc6 Rxc6 32.Nxd2 h6 33.Nf3 Nd7 34.Ne1 e5 35.Nc2 Ke6 36.a4 e4+
37.Kd2 f5 38.Nb4 Rd6 39.Kc3 Nf6 40.gxf5+ Kxf5 41.Nc2 h5 42.b4 g4 43.h4 Nd7
44.b5 Nb6 45.Kb4 Nc4 46.Kc5 axb5 47.axb5 Ke6 48.Bf4 Rd8 49.Nb4 Nb2 50.b6 Na4+
51.Kb5 Nxb6 52.Kxb6 Rf8 53.Be3 Kd6 54.Nc6 Rf3 55.Ne5 Rh3 56.Ng6 Rh1 57.Ka7 Kd7
58.Nf4 Rxh4 59.Nxd5 Rh1 60.Nf6+ Ke6 61.Nxe4 Kd5 62.Nc3+ Kc4 63.Ne4 Kd5 64.Nc3+ Kc4  1/2-1/2

[Event "52nd TCh-DEN XtraCon 2013-14"]
[Site "Denmark DEN"]
[Date "2013.11.02"]
[Round "1.8"]
[White "Holmsgaard,H"]
[Black "Brinck Claussen,B"]
[Result "1-0"]
[WhiteElo "2297"]
[BlackElo "2248"]

1.e4 c5 2.c3 Nf6 3.e5 Nd5 4.d4 cxd4 5.cxd4 e6 6.Nf3 d6 7.Bc4 Nb6 8.Bd3 N8d7
9.O-O dxe5 10.dxe5 Nc5 11.Bc2 Qxd1 12.Rxd1 Nd5 13.Na3 Bd7 14.Nc4 b5 15.Ne3 Nb4
16.Bb1 Nc6 17.Bd2 Be7 18.Bc2 a5 19.Rac1 O-O 20.Nf1 Nb4 21.Bb1 Nbd3 22.Bxd3 Nxd3
23.Rc7 Nc5 24.Be3 Rac8 25.Ra7  1-0

[Event "TCh-FIN SM 2013-14"]
[Site "Sastamala FIN"]
[Date "2013.11.02"]
[Round "5.6"]
[White "Franssila,T"]
[Black "Tingander,Ari-Pekka"]
[Result "1-0"]
[WhiteElo "2225"]
[BlackElo "2007"]

1.e4 c5 2.c3 Nf6 3.e5 Nd5 4.d4 cxd4 5.Nf3 Nc6 6.cxd4 d6 7.Bc4 Nb6 8.Bb5 dxe5
9.Nxe5 Bd7 10.Nxd7 Qxd7 11.O-O e6 12.Nc3 Be7 13.Qg4 O-O 14.Bxc6 Qxc6 15.Bh6 Bf6
16.Rfd1 e5 17.d5 Qd7 18.Qg3 Qf5 19.Be3 Nc4 20.b3 Nd6 21.Bc5 Rfd8 22.Bxd6 Rxd6
23.Qd3 Qxd3 24.Rxd3 Rad8 25.Rad1 Be7 26.g4 R6d7 27.Ne4 f6 28.Kg2 Kf7 29.a4 g6
30.d6 Bf8 31.Rf3 Bg7 32.Rc1 b6 33.Ng5+ Kg8 34.Ne6 e4 35.Rh3 Rxd6 36.Nxd8 Rxd8
37.Rc7 f5 38.gxf5 gxf5 39.Rg3  1-0

[Event "3rd Panama Open"]
[Site "Panama City PAN"]
[Date "2013.11.04"]
[Round "7.8"]
[White "Ynojosa,F"]
[Black "Delgado Ramos,H"]
[Result "1/2-1/2"]
[WhiteElo "2448"]
[BlackElo "2460"]

1.e4 c5 2.c3 Nf6 3.e5 Nd5 4.d4 cxd4 5.cxd4 d6 6.Nf3 Nc6 7.Bc4 Nb6 8.Bb5 dxe5
9.Nxe5 Bd7 10.Bxc6 Bxc6 11.Nxc6 bxc6 12.Nc3 e6 13.O-O Be7 14.Qg4 O-O 15.Rd1 Nd5
16.Bh6 Bf6 17.Ne4 Kh8 18.Bg5 Bxg5 19.Nxg5 Nf6 20.Qe2 Qb6 21.b3 Rad8 22.Qe3 h6
23.Nf3 Nd5 24.Qc1 Ne7 25.Qc5 Qb7 26.Rdc1 Rd5 27.Qa3 Rfd8 28.Qa4 Kg8 29.h3 Qb8
30.Rc4 a5 31.Rc5 Rxc5 32.dxc5 Qb5 33.Qxb5 cxb5 34.Kf1 Nc6 35.Ke2 Rd5 36.Rc1 f5
37.Ke3 Kf7 38.g4 Kf6 39.a3 b4 40.axb4 axb4 41.gxf5 exf5 42.h4 g6 43.Rc4 g5
44.hxg5+ hxg5 45.Nd4 Nxd4 46.Rxd4 Rxc5 47.Rxb4 Rc3+ 48.Ke2 g4 49.Kf1 Kg5
50.Kg2 Rd3 51.Rb8 Rd1  1/2-1/2

[Event "Texas Collegiate 2013"]
[Site "Houston USA"]
[Date "2013.11.10"]
[Round "4"]
[White "Breckenridge,S"]
[Black "Salazar,Au"]
[Result "1-0"]
[WhiteElo "2333"]
[BlackElo "2208"]

1.e4 c5 2.c3 Nf6 3.e5 Nd5 4.d4 cxd4 5.Nf3 d6 6.cxd4 Nc6 7.Bc4 Nb6 8.Bd3 Bg4
9.e6 Bxe6 10.Ng5 Qd7 11.Nxe6 Qxe6+ 12.Be2 g6 13.a4 Bg7 14.a5 Nd5 15.O-O O-O
16.Bc4 Ncb4 17.Bd2 Qf5 18.Ra4 Nd3 19.Qb3 N3f4 20.g3 b5 21.axb6 Nxb6 22.Bxf4 Nxa4
23.Qxa4 Bxd4 24.Bh6 Bg7 25.Bxg7 Kxg7 26.Rd1 e6 27.Bd3 Qe5 28.b4 Rfc8 29.b5 d5
30.Nd2 Qb2 31.Nb3 e5 32.Rd2 Qc3 33.Bf1 Rc4 34.Qa2 Rb4 35.Rd3 Qe1 36.Rxd5 Rc8
37.Rd7 Rxb5 38.Nd4 exd4 39.Qxf7+ Kh6 40.Qxh7+ Kg5 41.Qh4+ Kf5 42.Qf4+  1-0